タイムズカー 市区町村別設置台数TOP100 - Statistics

General Stats
  • This quiz has been taken 422 times
  • The average score is 76 of 100
Answer Stats
Hint Answer % Correct
586 札幌市
98%
1377 横浜市
97%
702 大阪市
97%
687 名古屋市
97%
1042 福岡市
96%
828 川崎市
96%
316 千葉市
95%
824 京都市
94%
465 仙台市
94%
434 さいたま市
94%
414 広島市
94%
100 北九州市
93%
218 新潟市
92%
645 神戸市
91%
835 世田谷区
90%
352 新宿区
90%
168 八王子市
90%
200 岡山市
89%
157 堺市
89%
108 熊本市
89%
385 品川区
88%
164 相模原市
88%
81 静岡市
88%
79 宇都宮市
88%
647 大田区
87%
487 江戸川区
87%
368 港区
87%
355 渋谷区
87%
256 千代田区
87%
177 船橋市
87%
553 江東区
86%
508 練馬区
86%
268 北区
86%
150 川口市
86%
344 葛飾区
85%
264 中央区
85%
285 中野区
84%
243 市川市
84%
107 柏市
84%
73 高崎市
84%
470 足立区
83%
389 杉並区
83%
256 豊島区
83%
137 松戸市
83%
91 姫路市
83%
312 目黒区
82%
146 藤沢市
82%
90 鹿児島市
82%
83 金沢市
82%
61 水戸市
82%
213 台東区
81%
170 文京区
81%
400 板橋区
80%
107 高槻市
80%
316 墨田区
79%
160 町田市
79%
64 横須賀市
78%
149 荒川区
77%
148 東大阪市
77%
97 立川市
77%
253 尼崎市
76%
200 西宮市
76%
203 吹田市
74%
88 奈良市
74%
65 高松市
73%
74 大津市
72%
72 所沢市
72%
51 岐阜市
72%
261 豊中市
71%
84 越谷市
71%
84 明石市
71%
152 調布市
68%
111 府中市
68%
92 武蔵野市
67%
145 那覇市
66%
110 三鷹市
66%
104 西東京市
66%
104 茨木市
66%
112 枚方市
64%
51 小田原市
64%
118 浦安市
62%
67 鎌倉市
62%
62 厚木市
61%
56 習志野市
61%
79 大和市
60%
75 草加市
57%
51 国立市
57%
65 宝塚市
56%
51 寝屋川市
51%
61 小金井市
49%
78 日野市
48%
52 狛江市
46%
76 小平市
45%
51 流山市
43%
76 芦屋市
42%
73 戸田市
40%
61 朝霞市
35%
56 守口市
33%
65 八千代市
30%
51 箕面市
28%
No matching quizzes found
Score Distribution
Percent of People with Each Score
Percentile by Number Answered
Your Score History
You have not taken this quiz